[Event "EU-ch Hybrid U16 Girls"]
[Site "Tornelo INT"]
[Date "2021.10.15"]
[Round "3"]
[White "Lazareva, Emilie"]
[Black "Ajradinoska, Indzi"]
[Result "1-0"]
[WhiteElo "1561"]
[BlackElo "1190"]
[PlyCount "109"]
[EventDate "2021.10.15"]
[EventType "swiss"]
[EventRounds "9"]
[EventCountry "NET"]
[SourceTitle "EXT 2023"]
[Source "ChessBase"]
[SourceDate "2022.10.05"]
[SourceVersion "1"]
[SourceVersionDate "2022.10.05"]
[SourceQuality "1"]
[WhiteTeam "Norway"]
[BlackTeam "Macedonia"]
[WhiteTeamCountry "NOR"]
[BlackTeamCountry "MKD"]

1. e4 e6 2. d4 d5 3. e5 c5 4. c3 Nc6 5. Nf3 Qb6 6. a3 a6 7. Bd3 Bd7 8. Bc2 Nge7 9. 0-0 Ng6 10. b4 cxb4 11. cxb4 Be7 12. Be3 Rc8 13. Nbd2 Qc7 14. Rc1 b6 15. Bd3 Qb7 16. Qe2 Ra8 17. Rc3 0-0 18. Rfc1 Rfc8 19. Nb3 h6 20. Qb2 Na7 21. Rxc8+ Rxc8 22. Rb1 Nb5 23. Bd2 Nc7 24. Be3 Nb5 25. Bd2 Nc7 26. Ne1 Qa7 27. g3 Nb5 28. a4 Nc7 29. a5 bxa5 30. Nxa5 Nb5 31. Nb3 Qb6 32. Nc5 Bxc5 33. bxc5 Qc6 34. Nc2 Ne7 35. Na3 Rb8 36. Nxb5 axb5 37. Ba5 Nc8 38. f4 g6 39. Qe2 Qa6 40. Bc3 Na7 41. Qc2 Nc6 42. Kf2 h5 43. h3 Na7 44. Ra1 Qb7 45. g4 hxg4 46. hxg4 Kg7 47. f5 gxf5 48. gxf5 Rh8 49. Rg1+ Kf8 50. Kf3 Rh3+ 51. Rg3 Rxg3+ 52. Kxg3 Nc6 53. f6 b4 54. Qh2 Ne7 55. Qh8+ 1-0

[Event "EU-ch Hybrid U16 Girls"]
[Site "Tornelo INT"]
[Date "2021.10.15"]
[Round "5"]
[White "Lazareva, Emilie"]
[Black "Tzakosta, Konstantina"]
[Result "1/2-1/2"]
[WhiteElo "1561"]
[BlackElo "1089"]
[PlyCount "66"]
[EventDate "2021.10.15"]
[EventType "swiss"]
[EventRounds "9"]
[EventCountry "NET"]
[SourceTitle "EXT 2023"]
[Source "ChessBase"]
[SourceDate "2022.10.05"]
[SourceVersion "1"]
[SourceVersionDate "2022.10.05"]
[SourceQuality "1"]
[WhiteTeam "Norway"]
[BlackTeam "Greece"]
[WhiteTeamCountry "NOR"]
[BlackTeamCountry "GRE"]

1. e4 e6 2. d4 d5 3. e5 c5 4. c3 Nc6 5. Nf3 Qb6 6. a3 f6 7. exf6 Nxf6 8. Bd3 Bd7 9. Bc2 Bd6 10. 0-0 0-0 11. Re1 cxd4 12. cxd4 Qc7 13. h3 Bf4 14. Nc3 Bxc1 15. Rxc1 Qf4 16. Qd3 Qh6 17. b4 a6 18. Qe3 Qxe3 19. Rxe3 Rac8 20. Rce1 Nd8 21. Bb3 Nf7 22. Na4 Bxa4 23. Bxa4 b5 24. Bb3 Ne4 25. Rxe4 dxe4 26. Rxe4 Nd8 27. Bxe6+ Nxe6 28. Rxe6 Rf6 29. Re3 Rc1+ 30. Kh2 Rc2 31. Kg1 Rc1+ 32. Kh2 Rc2 33. Kg1 Rc1+ 1/2-1/2

[Event "EU-ch Hybrid U16 Girls"]
[Site "Tornelo INT"]
[Date "2021.10.15"]
[Round "4"]
[White "Mroz, Lena"]
[Black "Lazareva, Emilie"]
[Result "1-0"]
[WhiteElo "1775"]
[BlackElo "1561"]
[PlyCount "79"]
[EventDate "2021.10.15"]
[EventType "swiss"]
[EventRounds "9"]
[EventCountry "NET"]
[SourceTitle "EXT 2023"]
[Source "ChessBase"]
[SourceDate "2022.10.05"]
[SourceVersion "1"]
[SourceVersionDate "2022.10.05"]
[SourceQuality "1"]
[WhiteTeam "Poland"]
[BlackTeam "Norway"]
[WhiteTeamCountry "POL"]
[BlackTeamCountry "NOR"]

1. e4 e5 2. Nf3 Nc6 3. Bb5 a6 4. Ba4 Nf6 5. 0-0 Nxe4 6. d4 b5 7. Bb3 d5 8. dxe5 Be6 9. c3 Bc5 10. Qd3 0-0 11. Be3 Bxe3 12. Qxe3 Qe7 13. Nbd2 Nxd2 14. Qxd2 Rad8 15. Rfe1 f6 16. exf6 Qxf6 17. Ng5 Bf7 18. Rad1 Ne7 19. f3 c6 20. Bc2 Ng6 21. Kh1 Rfe8 22. Nxf7 Qxf7 23. Qd3 Qf4 24. Qd4 Qxd4 25. cxd4 Nf4 26. g3 Nh3 27. Kg2 Ng5 28. h4 Ne6 29. Kf2 g6 30. Re5 a5 31. h5 Kf7 32. hxg6+ hxg6 33. Rde1 Nc7 34. f4 Kf6 35. Kf3 Ne6 36. Kg4 Ng7 37. Bd3 a4 38. Rc1 Rc8 39. Rxe8 Nxe8 40. Bxb5 1-0

[Event "EU-ch U14 Girls"]
[Site "Bratislava"]
[Date "2019.08.06"]
[Round "5"]
[White "Lazareva, Emilie"]
[Black "Mesheryakova, Anfisa"]
[Result "0-1"]
[WhiteElo "1361"]
[BlackElo "1431"]
[PlyCount "116"]
[EventDate "2019.08.02"]
[EventType "swiss"]
[EventRounds "9"]
[EventCountry "SVK"]
[SourceTitle "EXT 2020"]
[Source "ChessBase"]
[SourceDate "2019.10.17"]
[SourceVersion "1"]
[SourceVersionDate "2019.10.17"]
[SourceQuality "1"]

1. e4 e6 2. d4 d5 3. Bd3 dxe4 4. Bxe4 Nf6 5. Bf3 Bd6 6. Ne2 Nbd7 7. 0-0 c6 8. Be3 Qc7 9. g3 Nb6 10. Nd2 h6 11. c3 Bd7 12. a3 g5 13. Ne4 Nxe4 14. Bxe4 0-0-0 15. Qd3 f5 16. Bg2 f4 17. Bd2 e5 18. b4 g4 19. f3 fxg3 20. Nxg3 exd4 21. Qxd4 Bxg3 22. hxg3 gxf3 23. Rxf3 Be6 24. Qf4 Qd7 25. Rf2 Nc4 26. Be3 Nxe3 27. Qxe3 Kb8 28. Rf6 Rde8 29. Re1 Bd5 30. Qf4+ Ka8 31. Rxe8+ Qxe8 32. Qf2 Bxg2 33. Kxg2 a6 34. Kg1 Qd8 35. Rf4 Qd3 36. Rf8+ Rxf8 37. Qxf8+ Ka7 38. Qf2+ Kb8 39. Qf8+ Kc7 40. Qg7+ Kb6 41. Qe5 Qd1+ 42. Kf2 Qd2+ 43. Kf3 Qd5+ 44. Qxd5 cxd5 45. Ke3 Kb5 46. Kd4 Ka4 47. Kxd5 Kxa3 48. Kc5 Kb3 49. Kd4 h5 50. Kd3 b6 51. Kd4 a5 52. bxa5 bxa5 53. c4 a4 54. c5 a3 55. c6 a2 56. c7 a1Q+ 57. Kd5 Qa8+ 58. Ke5 Qc8 0-1